000
00299nam a2200121Ia 4500
008
190216s9999||||xx |||||||||||||| ||und||
100
_a
Biswas S B & Amitha Biswas
245
0
_a
Introduction To Virus
260
_b
Vikas Publishing House
_c
1976
300
_a
200p
650
_a
Botany
942
_c
BK
999
_c
1257
_d
1257